[Event "IITU Masters 2019"]
[Site "Almaty"]
[Date "2019.02.23"]
[Round "4.1"]
[White "Markov, Mikhail"]
[Black "Tologontegin, Semetey"]
[Result "0-1"]
[WhiteElo "2368"]
[BlackElo "2372"]
[Annotator "NA"]
[PlyCount "136"]
[EventDate "2019.02.20"]
[EventType "tourn"]
[EventCountry "KAZ"]
[SourceTitle "playchess.com"]
[Source "ChessBase"]
[SourceQuality "1"]
[TimeControl "5400+30"]

1. c4 {[%emt 0:00:00]} c5 {[%emt 0:00:00]} 2. Nf3 {[%emt 0:00:00]} Nc6 {[%emt 0:00:00]} 3. e3 {[%emt 0:00:03]} Nf6 {[%emt 0:00:13]} 4. Nc3 {[%emt 0:00:18]} g6 {[%emt 0:11:37]} 5. d4 {[%emt 0:02:28] LiveBook: 989 Games} cxd4 {[%emt 0:00:06]} 6. Nxd4 {[%emt 0:00:29]} Bg7 {[%emt 0:00:59]} 7. Be2 {[%emt 0:00:39]} O-O {[%emt 0:00:30]} 8. O-O {[%emt 0:00:04]} d6 {[%emt 0:11:31]} 9. Rb1 {[%emt 0:08:24]} Bd7 $11 {[%emt 0:17:15]} 10. b4 {[%emt 0:08:37]} Rc8 {[%emt 0:03:21]} 11. Ba3 {[%emt 0:09:39]} Nxd4 {[%emt 0:26:52]} 12. exd4 {[%emt 0:00:38]} Be6 {[%emt 0:00:06]} 13. Qb3 {[%emt 0:02:42]} Qc7 {[%emt 0:04:11]} 14. d5 {[%emt 0:02:33]} Bf5 {[%emt 0:00:15]} 15. Rbc1 {[%emt 0:06:43]} Bh6 {[%emt 0:04:08]} 16. Rcd1 {[%emt 0:00:21]} Bg4 {[%emt 0:00:17]} 17. Nb5 {[%emt 0:01:55]} Qb8 {[%emt 0:00:07]} 18. Bxg4 {[%emt 0:06:56]} Nxg4 {[%emt 0:00:08]} 19. Rfe1 {[%emt 0:03:36]} Rfe8 {[%emt 0:05:48]} 20. Nd4 {[%emt 0:06:23]} Bg7 {[%emt 0:00:32]} 21. h3 {[%emt 0:00:54]} Nf6 {[%emt 0:02:59]} 22. c5 {[%emt 0:02:52]} a6 {[%emt 0:00:51]} 23. Re2 {[%emt 0:03:49]} a5 {[%emt 0:04:00]} 24. cxd6 {[%emt 0:03:20]} Qxd6 {[%emt 0:00:53]} 25. Nb5 {[%emt 0:00:36]} Qa6 {[%emt 0:00:10]} 26. bxa5 {[%emt 0:00:10]} Bf8 {[%emt 0:00:12]} 27. Rde1 {[%emt 0:07:48]} Red8 {[%emt 0:00:15]} 28. Bxe7 {[%emt 0:01:48]} Rxd5 {[%emt 0:00:17]} 29. Nc3 {[%emt 0:02:40]} Rd3 {[%emt 0:04:28]} 30. Bxf6 {[%emt 0:00:23]} Qxf6 {[%emt 0:00:01]} 31. Ne4 {[%emt 0:01:09]} Qa6 {[%emt 0:00:05]} 32. Qb1 {[%emt 0:05:58]} Ra3 {[%emt 0:00:52]} 33. Qb2 {[%emt 0:00:42]} Rc6 {[%emt 0:01:27]} 34. Rd1 {[%emt 0:00:10]} Re6 {[%emt 0:00:58]} 35. Rd8 {[%emt 0:00:34]} Ra4 {[%emt 0:00:49]} 36. f3 {[%emt 0:03:52]} Rxa5 {[%emt 0:00:25]} 37. Kh1 {[%emt 0:01:50]} Rb5 {[%emt 0:00:13]} 38. Qd2 {[%emt 0:01:26]} Qb6 {[%emt 0:01:26]} 39. Re1 {[%emt 0:01:31]} Rb2 {[%emt 0:00:27]} 40. Qd5 {[%emt 0:01:02]} Kg7 {[%emt 0:00:13]} 41. Rd7 {[%emt 0:00:30]} Be7 {[%emt 0:00:14]} 42. a4 {[%emt 0:00:47]} Qb4 {[%emt 0:00:29]} 43. Rd1 {[%emt 0:00:19]} Qxa4 44. Nc5 {[%emt 0:02:08]} Bxc5 {[%emt 0:00:35]} 45. Qxc5 {[%emt 0:00:01]} Qf4 {[%emt 0:01:27]} 46. Rd8 {[%emt 0:00:52]} Rxg2 {[%emt 0:00:42]} 47. Qc3+ {[%emt 0:01:50]} Kh6 {[%emt 0:00:03]} 48. Kxg2 {[%emt 0:00:03]} Re2+ {[%emt 0:00:03]} 49. Kf1 {[%emt 0:00:03]} Qh2 {[%emt 0:00:54]} 50. Qd2+ {[%emt 0:01:35]} Rxd2 {[%emt 0:00:04]} 51. R8xd2 {[%emt 0:00:09]} Qxh3+ {[%emt 0:00:08]} 52. Kf2 {[%emt 0:00:02]} Qh2+ {[%emt 0:00:13]} 53. Kf1 {[%emt 0:00:07]} Qg3 {[%emt 0:00:22]} 54. Rd3 {[%emt 0:00:05]} Kg7 {[%emt 0:00:43]} 55. Rb1 {[%emt 0:00:23]} h5 {[%emt 0:00:24]} 56. Rxb7 {[%emt 0:00:34]} h4 {[%emt 0:00:17]} 57. Ke2 {[%emt 0:00:08]} Qg2+ {[%emt 0:01:12]} 58. Ke3 {[%emt 0:00:04]} Qg1+ {[%emt 0:00:22]} 59. Ke2 {[%emt 0:00:04]} h3 {[%emt 0:00:56]} 60. Rdd7 {[%emt 0:01:17]} Qh2+ {[%emt 0:00:21]} 61. Ke3 {[%emt 0:00:16]} Qe5+ {[%emt 0:00:46]} 62. Kf2 {[%emt 0:00:01]} Qh2+ {[%emt 0:00:22]} 63. Ke3 {[%emt 0:00:00]} Qg1+ {[%emt 0:00:14]} 64. Kf4 {[%emt 0:00:07]} g5+ {[%emt 0:01:36]} 65. Kf5 {[%emt 0:00:23]} Qc5+ {[%emt 0:00:22]} 66. Kg4 {[%emt 0:00:01]} h2 {[%emt 0:00:33]} 67. f4 {[%emt 0:00:26]} h1=Q {[%emt 0:00:14]} 68. Rxf7+ {[%emt 0:00:04]} Kg8 {[%emt 0:00:08]} 0-1

[Event "IITU Masters 2019"]
[Site "Almaty"]
[Date "2019.02.23"]
[Round "4.2"]
[White "Igambergenov, Alibek"]
[Black "Zubarev, Alexander"]
[Result "1/2-1/2"]
[WhiteElo "2309"]
[BlackElo "2494"]
[Annotator "ChessBase"]
[PlyCount "105"]
[EventDate "2019.02.20"]
[EventType "tourn"]
[EventCountry "KAZ"]
[SourceTitle "playchess.com"]
[Source "ChessBase"]
[SourceQuality "1"]
[TimeControl "5400+30"]

1. d4 {[%emt 0:00:00]} g6 {[%emt 0:14:42]} 2. c4 {[%emt 0:00:00]} Bg7 {[%emt 0:00:06]} 3. Nc3 {[%emt 0:00:00]} Nf6 {[%emt 0:02:59]} 4. e4 {[%emt 0:00:09]} O-O {[%emt 0:00:15]} 5. h3 {[%emt 0:02:33]} d6 {[%emt 0:03:41]} 6. Bg5 {[%emt 0:02:47]} a6 {[%emt 0:04:09]} 7. Nf3 {[%emt 0:10:55]} c5 {[%emt 0:00:39]} 8. dxc5 {[%emt 0:00:28]} dxc5 {[%emt 0:01:52]} 9. Qxd8 {[%emt 0:04:28]} Rxd8 {[%emt 0:00:05]} 10. e5 {[%emt 0:00:08]} Nfd7 {[%emt 0:01:22]} 11. O-O-O {[%emt 0:02:05]} h6 {[%emt 0:06:23]} 12. Bxe7 {[%emt 0:04:26]} Re8 {[%emt 0:00:08]} 13. Nd5 {[%emt 0:00:16]} Nc6 {[%emt 0:00:53]} 14. Bd6 {[%emt 0:00:36]} Ndxe5 {[%emt 0:11:28]} 15. Nxe5 {[%emt 0:02:16]} Nxe5 {[%emt 0:02:25]} 16. Nc7 {[%emt 0:03:01]} Be6 {[%emt 0:00:34]} 17. Nxa8 {[%emt 0:13:26]} Rxa8 {[%emt 0:00:06]} 18. Bxc5 {[%emt 0:00:14]} Rc8 {[%emt 0:05:22]} 19. Bd4 {[%emt 0:01:03]} b5 {[%emt 0:02:24]} 20. Be2 {[%emt 0:12:07]} h5 {[%emt 0:02:29]} 21. Kb1 {[%emt 0:04:05]} bxc4 {[%emt 0:00:58]} 22. Ka1 {[%emt 0:01:08]} a5 {[%emt 0:01:52]} 23. f4 {[%emt 0:02:24]} Nc6 {[%emt 0:00:28]} 24. Bxg7 {[%emt 0:00:05]} Kxg7 {[%emt 0:00:06]} 25. Rd2 {[%emt 0:00:15]} Nb4 {[%emt 0:01:33]} 26. a3 {[%emt 0:06:45]} Nd5 {[%emt 0:01:54]} 27. f5 {[%emt 0:01:31]} gxf5 {[%emt 0:00:13]} 28. Rc1 {[%emt 0:00:46]} Nf4 {[%emt 0:04:36]} 29. Bf1 {[%emt 0:00:16]} Ng6 {[%emt 0:02:51]} 30. Rdc2 {[%emt 0:04:40]} Ne5 {[%emt 0:02:31]} 31. b3 {[%emt 0:00:07]} Nc6 {[%emt 0:00:38]} 32. bxc4 {[%emt 0:04:49]} Nd4 {[%emt 0:00:32]} 33. Rc3 {[%emt 0:00:06]} a4 {[%emt 0:00:59]} 34. Rd1 {[%emt 0:00:29]} Nb3+ {[%emt 0:00:14]} 35. Kb2 {[%emt 0:01:23]} Nc5 {[%emt 0:00:43]} 36. Rf3 {[%emt 0:01:03]} Kf6 {[%emt 0:01:38]} 37. Re1 {[%emt 0:06:23]} h4 {[%emt 0:01:30]} 38. Kc3 {[%emt 0:02:14]} Kg5 {[%emt 0:02:48]} 39. Re5 {[%emt 0:03:03]} Ne4+ {[%emt 0:04:29]} 40. Kc2 {[%emt 0:00:12]} Nd6 {[%emt 0:01:50]} 41. Ra5 {[%emt 0:01:47]} Nxc4 {[%emt 0:01:05]} 42. Bxc4 {[%emt 0:00:06]} Rxc4+ {[%emt 0:00:14]} 43. Kd3 {[%emt 0:00:43]} Re4 {[%emt 0:02:45]} 44. Rf2 {[%emt 0:03:23]} Bc4+ {[%emt 0:00:38]} 45. Kc3 {[%emt 0:00:05]} Be6 {[%emt 0:00:10]} 46. Kd3 {[%emt 0:00:19]} Bc4+ {[%emt 0:00:06]} 47. Kd2 {[%emt 0:02:32]} Be6 {[%emt 0:00:08]} 48. Rf3 {[%emt 0:00:12]} Rd4+ {[%emt 0:00:51]} 49. Ke3 {[%emt 0:00:37]} Rc4 {[%emt 0:01:07]} 50. Kf2 {[%emt 0:01:07]} Rd4 {[%emt 0:01:55]} 51. Ke3 {[%emt 0:00:48]} Rc4 {[%emt 0:00:19]} 52. Kf2 {[%emt 0:00:03]} Rd4 {[%emt 0:00:09]} 53. Ke3 {[%emt 0:01:03]} 1/2-1/2

[Event "IITU Masters 2019"]
[Site "Almaty"]
[Date "2019.02.23"]
[Round "4.3"]
[White "Khusenkhojaev, Muhammad"]
[Black "Rakhimzhan, Alen"]
[Result "1/2-1/2"]
[WhiteElo "2441"]
[BlackElo "2320"]
[Annotator "TA"]
[PlyCount "180"]
[EventDate "2019.02.20"]
[EventType "tourn"]
[EventCountry "KAZ"]
[SourceTitle "playchess.com"]
[Source "ChessBase"]
[SourceQuality "1"]

{[%evp 23,179,22,38,20,18,21,38,-23,-14,-16,-14,-15,-20,-16,-16,-13,-10,-12,0,-9,-12,-46,0,0,9,16,17,14,20,0,0,0,0,0,0,0,0,0,0,0,0,0,0,0,0,0,0,0,0,0,0,0,0,0,0,0,0,0,0,0,0,0,0,0,3,0,0,0,0,0,0,0,0,0,0,0,0,0,0,0,0,0,0,-10,-10,-7,-16,-77,-34,-45,0,-52,-53,-36,0,0,0,-8,0,0,0,0,0,0,0,0,0,0,0,0,0,0,0,0,0,0,0,0,0,0,0,0,0,0,0,0,0,0,0,0,0,0,0,0,0,0,0,0,0,0,0,0,0,0,0,0,0,0,0,0,0,0,0,0,0,0,0,0]} 1. d4 Nf6 2. c4 e6 3. g3 c6 4. Nf3 Be7 5. Bg2 d5 6. O-O O-O 7. b3 b6 8. Bb2 Ba6 9. Nbd2 Nbd7 10. Qc2 Rc8 11. e4 c5 12. exd5 exd5 13. Rfe1 {E09: Closed Catalan: Main Line: 7 Qc2 c6 8 Nbd2} Re8 (13... dxc4 14. bxc4 Bb7 15. d5 Ne8 16. Ne4 f5 17. Ned2 Nc7 {1-0 (32) Inarkiev,E (2660)-Safarli,E (2657) Berlin 2015}) 14. Qf5 g6 15. Qh3 (15. Qd3 $14) 15... cxd4 $11 16. Bxd4 dxc4 $146 ({Predecessor:} 16... Nc5 17. Ng5 h5 18. Ndf3 Ng4 19. Nxf7 Kxf7 20. Ne5+ Nxe5 21. Rxe5 {½-½ (34) Turqueza,M (2235)-Hemant,S (2247) Chennai 2011}) 17. Nxc4 Bxc4 18. bxc4 Bc5 {White should prevent ...Rxe1+.} 19. Rxe8+ Qxe8 20. Re1 Qd8 21. Bb2 h5 22. Nd2 Bf8 23. Ne4 Nxe4 24. Bxe4 Nc5 25. Bd5 Bg7 26. Bxg7 Kxg7 27. Qf1 Qf6 28. Re3 Rc7 29. Qe2 Kf8 30. Re8+ Kg7 31. Qe3 Nb7 32. Re4 Nd6 33. Rf4 Nf5 34. Qd2 Re7 35. Kg2 Qe5 36. Bf3 Re6 37. a4 Nd6 38. Rd4 Nf5 39. Rd5 Qf6 40. Rd3 Qe5 41. Bd5 Rf6 42. a5 bxa5 43. Ra3 Nd6 44. Re3 Qf5 45. c5 Nb5 46. Rf3 Qe5 47. Rxf6 Kxf6 48. c6 Nd4 49. Qa2 Nb5 50. Bxf7 Qe4+ $1 51. f3 Qxc6 {[#] Strongly threatening ...Nc3.} 52. Bg8 Qc7 53. Qb2+ Qe5 54. Qb3 {Threatening mate with Qf7+.} Nd6 55. Qa2 (55. Qb8 $11 Nf7 56. Qxa7 Qe2+ 57. Kg1) 55... Ke7 56. Bb3 Kd8 57. Qc2 ({Better is} 57. Ba4 $11) 57... Nf5 $15 {Hoping for ...Ne3+.} 58. Qd3+ Kc7 (58... Qd4 $5 {[%cal Rd4d3]} 59. Qb5 Ne3+ 60. Kh3 Qd7+ 61. Qxd7+ Kxd7 $17) 59. Bf7 {The position is equal.} Qf6 60. Qc4+ Kd6 {White must now prevent ...Ne3+.} 61. Qa6+ Ke7 62. Qxa7+ Kd6 63. Bxg6 {And now Qb6+ would win.} Nh4+ $1 {[%mdl 64] [#] Discovered Attack} 64. gxh4 Qxg6+ $11 {[%mdl 4096] Endgame KQ-KQ} 65. Kf2 {White threatens Qb6+ and mate.} Qc2+ 66. Kg3 Qc5 67. Qa6+ Kc7 68. f4 Qe3+ 69. Kg2 Qe4+ 70. Kg3 Qe1+ 71. Kf3 Qc3+ 72. Ke2 Qb2+ 73. Kd3 Qb1+ 74. Kd4 Qb6+ 75. Qxb6+ Kxb6 {K3P-KPP} 76. Kc4 Kc6 77. f5 Kd6 78. Kb5 Ke5 79. Kxa5 Kxf5 {KPP-KP} 80. Kb4 Kg4 81. Kc3 Kxh4 {KP-KP} 82. Kd2 Kh3 83. Ke2 Kxh2 {( -> ...Kg2). KP-K} 84. Kf2 Kh3 85. Kf3 h4 86. Kf2 $1 Kg4 87. Kg2 h3+ 88. Kh2 Kh4 89. Kg1 Kg3 90. Kh1 h2 {Accuracy: White = 70%, Black = 77%.} 1/2-1/2

[Event "IITU Masters 2019"]
[Site "Almaty"]
[Date "2019.02.23"]
[Round "4.4"]
[White "Daurimbetov, A."]
[Black "Zhalmakhanov, Ramazan"]
[Result "0-1"]
[WhiteElo "2287"]
[BlackElo "2324"]
[Annotator "NA"]
[PlyCount "100"]
[EventDate "2019.02.20"]
[EventType "tourn"]
[EventCountry "KAZ"]
[SourceTitle "playchess.com"]
[Source "ChessBase"]
[SourceQuality "1"]
[TimeControl "5400+30"]

1. e4 {[%emt 0:07:24]} c5 {[%emt 0:00:00]} 2. Nf3 {[%emt 0:00:03]} d6 {[%emt 0:00:00]} 3. d4 {[%emt 0:00:41]} cxd4 {[%emt 0:00:06]} 4. Qxd4 {[%emt 0:00:47]} a6 {[%emt 0:00:09]} 5. c4 {[%emt 0:00:16]} Nc6 {[%emt 0:00:07]} 6. Qd3 {[%emt 0:00:13]} g6 {[%emt 0:00:14]} 7. Nc3 {[%emt 0:00:42]} Bg7 {[%emt 0:00:17]} 8. Be2 {[%emt 0:00:21]} Bg4 {[%emt 0:04:11]} 9. O-O {[%emt 0:05:50]} Rc8 {[%emt 0:08:56]} 10. Nd5 {[%emt 0:04:25]} e6 {[%emt 0:07:46]} 11. Ne3 {[%emt 0:05:45]} Bxf3 {[%emt 0:01:49]} 12. Bxf3 {[%emt 0:00:01]} Nge7 {[%emt 0:02:06]} 13. g3 {[%emt 0:04:41]} Ne5 $15 {[%emt 0:06:10]} 14. Qd1 {[%emt 0:03:05]} Nxc4 {[%emt 0:04:32]} 15. Nxc4 {[%emt 0:00:18]} Rxc4 {[%emt 0:00:02]} 16. Qb3 {[%emt 0:00:23]} Qc7 {[%emt 0:01:24]} 17. Bf4 {[%emt 0:02:45]} Rc6 {[%emt 0:01:48]} 18. Rad1 {[%emt 0:04:12]} O-O {[%emt 0:01:48]} 19. Rd2 {[%emt 0:00:07]} Rd8 {[%emt 0:04:16]} 20. Rfd1 {[%emt 0:00:58]} Nc8 {[%emt 0:07:20]} 21. h4 {[%emt 0:02:52]} Nb6 {[%emt 0:13:22]} 22. Be2 {[%emt 0:08:42]} h6 {[%emt 0:04:06]} 23. Qe3 {[%emt 0:09:46]} Kh7 {[%emt 0:01:23]} 24. Qf3 {[%emt 0:00:03]} Qe7 {[%emt 0:06:02]} 25. Qb3 {[%emt 0:05:35]} Rd7 {[%emt 0:02:39]} 26. Kg2 {[%emt 0:02:15]} Qd8 {[%emt 0:00:46]} 27. h5 {[%emt 0:04:24]} g5 {[%emt 0:00:51]} 28. Be3 {[%emt 0:00:01]} d5 {[%emt 0:00:47]} 29. exd5 {[%emt 0:01:11]} Nxd5 {[%emt 0:00:13]} 30. Kg1 {[%emt 0:00:25]} Rcd6 {[%emt 0:07:59]} 31. Bc5 {[%emt 0:02:16]} Rc6 {[%emt 0:00:07]} 32. Be3 {[%emt 0:03:08]} Rcd6 {[%emt 0:03:11]} 33. Qa3 {[%emt 0:00:43]} Kg8 {[%emt 0:01:59]} 34. Bc5 {[%emt 0:07:35]} Rc6 {[%emt 0:00:02]} 35. Bf3 {[%emt 0:00:50]} b6 {[%emt 0:02:46]} 36. Bd4 {[%emt 0:01:47]} b5 {[%emt 0:01:49]} 37. Bxg7 {[%emt 0:02:05]} Kxg7 {[%emt 0:00:01]} 38. Be4 {[%emt 0:02:08]} Rcd6 {[%emt 0:01:59]} 39. Rd4 {[%emt 0:01:31]} b4 {[%emt 0:01:03]} 40. Qb3 {[%emt 0:03:16]} Nf6 {[%emt 0:00:49]} 41. Rxd6 {[%emt 0:00:20]} Rxd6 {[%emt 0:00:06]} 42. Rxd6 {[%emt 0:00:07]} Qxd6 {[%emt 0:00:01]} 43. Bf3 {[%emt 0:00:11]} Qd4 {[%emt 0:01:31]} 44. a4 {[%emt 0:03:52]} a5 {[%emt 0:01:13]} 45. Qc2 {[%emt 0:01:06]} g4 {[%emt 0:00:49]} 46. Be2 {[%emt 0:00:01]} Qe5 {[%emt 0:01:07]} 47. b3 {[%emt 0:00:44]} Qxh5 {[%emt 0:00:54]} 48. Qc7 {[%emt 0:00:23]} Qf5 {[%emt 0:00:31]} 49. Bc4 {[%emt 0:01:01]} Ne4 {[%emt 0:00:46]} 50. Qa7 {[%emt 0:00:37]} Qc5 {[%emt 0:00:10]} 0-1

[Event "IITU Masters 2019"]
[Site "Almaty"]
[Date "2019.02.23"]
[Round "4.5"]
[White "Mezentsev, Ivan"]
[Black "Askarov, Bakhtiyar"]
[Result "1/2-1/2"]
[WhiteElo "2298"]
[BlackElo "2425"]
[Annotator "TA"]
[PlyCount "64"]
[EventDate "2019.02.20"]
[EventType "tourn"]
[EventCountry "KAZ"]
[SourceTitle "playchess.com"]
[Source "ChessBase"]
[SourceQuality "1"]

{[%evp 18,64,1,-6,-6,0,8,0,0,0,0,-6,0,-3,0,0,0,0,0,-6,14,0,0,-7,12,0,0,0,0,0,0,0,0,0,0,-1,0,-16,0,0,17,11,13,14,16,19,28,8,21]} 1. e4 e6 2. d4 d5 3. Nc3 Bb4 4. exd5 exd5 5. Bd3 Nc6 6. Nge2 Nge7 7. O-O Bf5 8. Be3 {C01: French: Exchange Variation} Qd7 9. a3 Bxc3 10. Nxc3 {LiveBook: 3 Games} Bxd3 11. Qxd3 O-O 12. f3 Rae8 13. Rfe1 Nd8 14. Rad1 c6 15. Bf2 Ng6 16. Qd2 Qf5 17. Ne2 {[%cal Bc3e2,Be2g3,Bg3h5][%mdl 32]} h6 18. Ng3 {[#]} Qd7 $146 19. Nh5 {With the idea Qxh6!} Qf5 20. Ng3 Qd7 21. Nh5 {Black should prevent Qxh6!} Qf5 22. Ng3 Qd7 23. c3 Rxe1+ 24. Rxe1 Re8 25. Rxe8+ Qxe8 26. Ne2 Ne6 27. Nc1 Nef4 28. g3 Nh5 29. Qe3 Nf6 30. Nd3 Qxe3 31. Bxe3 Nd7 32. g4 f6 {Precision: White = 38%, Black = 63%.} 1/2-1/2

[Event "IITU Masters 2019"]
[Site "Almaty"]
[Date "2019.02.24"]
[Round "5.1"]
[White "Askarov, Bakhtiyar"]
[Black "Markov, Mikhail"]
[Result "1/2-1/2"]
[WhiteElo "2425"]
[BlackElo "2368"]
[Annotator "TA"]
[PlyCount "95"]
[EventDate "2019.02.20"]
[EventType "tourn"]
[EventCountry "KAZ"]
[SourceTitle "playchess.com"]
[Source "ChessBase"]
[SourceQuality "1"]

{[%evp 22,95,15,17,43,49,43,47,52,29,30,40,54,42,43,43,41,42,45,37,60,59,79,53,93,93,93,93,132,132,132,123,132,132,119,127,107,67,66,66,65,65,103,111,102,77,77,73,274,271,514,480,489,453,1084,868,788,678,683,646,1057,1000,2789,2733,29972,29973,29971,29972,6395,5189,6303,6311,29981,29981,29980,29977]} 1. c4 Nf6 2. Nf3 e6 3. g3 b6 4. Bg2 Bb7 5. O-O c5 6. d4 cxd4 7. Qxd4 d6 8. Nc3 Be7 9. Rd1 a6 10. Ng5 Bxg2 11. Kxg2 O-O 12. Nce4 {And now Nxf6+ would win.} Nc6 {A30: Symmetrical English: Double Fianchetto and Hedgehog} (12... Ne8 13. Qd3 g6 14. Nf3 f5 15. Neg5 Qc8 16. Qe3 e5 17. Qb3 Bxg5 18. c5+ Kh8 19. Bxg5 bxc5 20. Be7 {1-0 (32) Bu,X (2670)-Papin,V (2570) Guimaraes 2012}) 13. Qd3 Nxe4 14. Qxe4 {[%csl Gg5][%cal Re4h7] [#]} Bxg5 {White is slightly better.} 15. Qxc6 Be7 16. b3 $146 ({Predecessor:} 16. Be3 Qc8 17. Qe4 b5 18. Rac1 bxc4 19. Rxc4 Qb8 20. Rb4 {1-0 (45) Jirovsky,M (2448)-Putka,V (2307) Skopje 2018}) 16... Rc8 17. Qb7 Qc7 18. Qxc7 Rxc7 19. a4 Rc6 20. Ra2 Rb8 21. e4 f6 22. Be3 Bd8 23. f4 Bc7 24. f5 e5 25. Rd5 Kf7 26. Kf3 Ke7 27. g4 b5 28. axb5 axb5 29. Rxb5 Rxb5 30. cxb5 $16 {[%mdl 4096] Endgame KRB-KRB} Rc3 31. Ra6 Kd7 32. b6 Bb8 33. Ra3 Kc6 34. h4 Rc2 $2 (34... h6 $16 {was called for.}) 35. g5 $18 Rb2 $2 (35... Rc3 36. Ra1 Rxb3 37. Rc1+ Kb7 38. gxf6 gxf6) 36. h5 h6 37. g6 Rb1 {[#]} (37... d5 $142 38. exd5+ Kxd5) 38. b4 $1 {[%mdl 512]} d5 (38... Rxb4 39. Bxh6) 39. Rc3+ Kd7 40. exd5 Bd6 41. Bc5 Rf1+ 42. Ke2 {White wants to mate with Bxd6.} Rb1 43. Bxd6 Kxd6 44. Rc4 Kxd5 45. b7 Kxc4 46. b8=Q Rxb4 47. Qc7+ Kd4 48. Qxg7 {[%mdl 32768] Accuracy: White = 80%, Black = 30%. . An unexpected result.} 1/2-1/2

[Event "IITU Masters 2019"]
[Site "Almaty"]
[Date "2019.02.24"]
[Round "5.2"]
[White "Zhalmakhanov, Ramazan"]
[Black "Mezentsev, Ivan"]
[Result "0-1"]
[WhiteElo "2324"]
[BlackElo "2298"]
[Annotator "TA"]
[PlyCount "92"]
[EventDate "2019.02.20"]
[EventType "tourn"]
[EventCountry "KAZ"]
[SourceTitle "playchess.com"]
[Source "ChessBase"]
[SourceQuality "1"]

{[%evp 11,92,33,34,35,51,52,63,63,63,0,0,0,0,0,0,0,15,6,11,10,12,0,1,0,23,6,14,0,3,0,7,0,9,10,16,0,19,0,0,-24,-12,-18,-32,-68,-68,-79,-71,-157,-148,-197,-135,-198,-197,-368,-360,-357,-354,-336,-114,-109,-108,-118,-98,-181,-211,-402,-401,-437,-439,-437,-398,-419,-433,-485,-345,-295,-339,-418,-418,-428,-414,-463,-454]} 1. e4 c5 2. Nc3 Nc6 3. Bb5 g6 4. Bxc6 dxc6 5. d3 Bg7 6. Be3 b6 7. f4 {B23: Closed Sicilian: Lines without g3} Nf6 8. h3 (8. Nf3 O-O 9. h3 Qc7 10. O-O Rd8 11. Qe1 Ba6 12. Qh4 c4 13. d4 c5 14. dxc5 bxc5 {½-½ (46) Kokarev,D (2611)-Potapov,P (2476) Khanty-Mansiysk 2015}) 8... Nd7 9. Nf3 {White is slightly better.} Nf8 10. d4 $146 ({White should try} 10. Qd2 $14) ({Predecessor:} 10. e5 Ne6 11. Ne4 Nd4 12. O-O O-O 13. Qd2 f6 14. exf6 exf6 {1-0 (66) Hegarty,S (1966)-Berke,A (2100) Gaziantep 2008}) 10... cxd4 $11 11. Bxd4 Bxd4 12. Qxd4 Qxd4 13. Nxd4 Bd7 14. Kf2 O-O-O 15. Ke3 Ne6 16. Nf3 f6 17. Rad1 Be8 (17... Kc7 {is interesting.} 18. b4 h5 19. g3 Bc8 20. Rd3 Ba6) 18. Rxd8+ (18. Rd3 {feels hotter.} h5 19. Rhd1 Rxd3+ 20. cxd3 g5 21. g3) 18... Kxd8 19. Rd1+ Kc7 20. Ne2 Bf7 21. b3 a5 {[%cal Ba7a5,Ba5a4][%mdl 32]} 22. g4 Nc5 23. a3 Nd7 24. Ned4 a4 25. e5 Bd5 26. b4 fxe5 27. fxe5 e6 $1 28. Re1 h6 29. Nd2 ({Better is} 29. h4) 29... Nxe5 $17 30. Rf1 Kd6 (30... g5 $19 {Threatens to win with ...h5.} 31. Rf6 Kd7) 31. Rd1 (31. b5 $17) 31... Rf8 $19 32. c4 $2 (32. Rc1 {is a better defense.}) 32... Nxc4+ 33. Nxc4+ Bxc4 {[%mdl 4096] Endgame KRB-KRN} 34. Nf5+ {[#]} Ke5 $2 (34... Kc7 $1 $19 {has better winning chances.} 35. Ng3 Bd5) 35. Ne7 $17 Kf6 36. Nxc6 Rc8 37. Nd4 (37. Na7 $17 {keeps fighting.} Rh8 38. Rd6) 37... Bd5 $19 38. Kd3 $2 {[#]} (38. Nb5) 38... e5 39. Ne2 Bc4+ 40. Ke3 Bxe2 41. Kxe2 {KR-KR} Ke6 42. Rd3 Rc2+ 43. Kf3 Rc1 44. Ke3 Rh1 45. Kf2 Rh2+ 46. Kg3 Rb2 {Accuracy: White = 17%, Black = 56%.} 0-1